| 000 | 00721nam a2200241Ia 4500 | ||
|---|---|---|---|
| 003 | OSt | ||
| 005 | 20220928133016.0 | ||
| 006 | a|||||r|||| 00| 0 | ||
| 007 | ta | ||
| 008 | 220927b |||||||| |||| 00| 0 eng d | ||
| 024 | _a70811 | ||
| 037 | _cTextual | ||
| 040 |
_aSDCL _cSDCL _beng |
||
| 041 |
_2eng _aeng |
||
| 082 | _aWxC7,1, P6.1-.3 | ||
| 100 |
_aUnni N P Tr. _9413058 |
||
| 245 | 0 | _aArthasastra of Kautalya. 3V. Commentary of Mahamahopadhyays; and T. Ganapati. Sastri. | |
| 260 |
_aDelhi _bNew Bharatiya Book Corporation . _c2006 |
||
| 490 | _vV1.(Lxxxiv,396p.) | ||
| 650 |
_aKautlaya-Arthastra _9484014 |
||
| 942 |
_hWxC7,1, P6.1-.3 _cTEXL _2CC |
||
| 999 |
_c797290 _d797290 |
||